| 000 | 00710nam a2200229 4500 | ||
|---|---|---|---|
| 001 | 5931 | ||
| 010 | _a9724212432 | ||
| 090 | _a5931 | ||
| 100 | _a20211231d1995 u||y0pory50 ba | ||
| 200 |
_aUm charco na primavera _fSaro de la Iglesia _gil. Sally Cutting ; trad. Ana Maria Pinto da Silva |
||
| 210 |
_a[S.l.] _cCírculo de leitores _d1995 |
||
| 215 |
_a[12] p. _cil. |
||
| 606 |
_914 _aLiteratura infantil |
||
| 606 |
_913 _aLiteratura Estrangeira |
||
| 675 |
_a82-93 _vBN _zpor |
||
| 675 |
_a821.1/.8 _vBN _zpor |
||
| 700 |
_94098 _aIglesia _bSaro de la |
||
| 702 |
_94099 _aCutting _bSally _f1949- |
||
| 702 |
_9627 _aSilva _bAna Maria Pinto da |
||
| 801 |
_aPT _bBMVN _gRPC |
||
| 830 |
_cTânia Croca _d31/12/2021 |
||
| 990 | _cLIVROS | ||